Which Is Longer: Country or Capital Quiz Stats

 Plays Quiz Updated May 2, 2018

Challenge
Share
Tweet
Embed
Score 0/40 Timer 04:00
8 Plays Today
Country Longer Capital (Y or N) % Correct
Spain???
86.7%
Italy???
86.7%
Ireland???
85.8%
Sweden ???
84.6%
Argentina???
83.6%
Finland???
82.7%
Hungary???
81.9%
Serbia???
80.9%
Uruguay???
79.6%
Indonesia???
79.5%
Belgium???
79.4%
Belarus???
78.8%
Romania???
78.7%
Zimbabwe???
78.4%
Kyrgyzstan???
77.7%
Ethiopia???
77.4%
El Salvador???
75.4%
Morocco???
75.4%
Pakistan???
74.8%
Tajikistan???
74.7%
Country Longer Capital (Y or N) % Correct
Nigeria???
74.5%
Slovakia???
74%
Somalia???
73.7%
Guyana???
73.1%
Croatia???
73.1%
Cabo Verde???
72.6%
Vietnam???
72.1%
Jordan???
71.9%
Liberia???
71.9%
Honduras???
70%
Uganda???
68.7%
Cambodia???
68.6%
Madagascar???
66%
Bahrain???
65.8%
Qatar???
65.1%
Suriname???
62.1%
Barbados???
61.1%
Lesotho???
60.2%
Dominica ???
57.9%
Samoa???
56.8%

You're not logged in!

Compare scores with friends on all Sporcle quizzes.
OR
Log In

You Might Also Like...

Show Comments

Extras

Top Quizzes Today


Score Distribution

Your Account Isn't Verified!

In order to create a playlist on Sporcle, you need to verify the email address you used during registration. Go to your Sporcle Settings to finish the process.

Report this User

Report this user for behavior that violates our Community Guidelines.

Details: